|
|
|
|
| LEADER |
00000nab#a22000007a#4500 |
| 001 |
arbauad021154 |
| 003 |
AR-BaUAD |
| 005 |
20250711111829.0 |
| 008 |
960820|||||||||###||||||b###|0###a|spa|| |
| 040 |
|
|
|a AR-BaUAD
|c AR-BaUAD
|b spa
|
| 100 |
|
|
|a Madariaga, Marta
|
| 245 |
|
|
|a Un largo viaje junto al sol /
|c Marta Madariaga;
|
| 300 |
0 |
|
|b fot., il.
|
| 500 |
|
|
|a Artículo teórico.
|
| 653 |
|
|
|a ARQUITECTURA SOLAR
|
| 773 |
0 |
|
|t Summa Temática
|g no. 3 [1985], p. 58-61
|
| 942 |
|
|
|c ARTI
|
| 952 |
|
|
|0 0
|1 0
|4 0
|7 0
|9 66073
|a AR-BAuAD
|b AR-BAuAD
|d 2025-07-11
|l 0
|p AAQA021154
|r 2025-07-11 11:18:29
|w 2025-07-11
|y ARTI
|
| 990 |
|
|
|a AQ198
|b TD
|
| 998 |
|
|
|a AAQ
|b BIBUN76
|
| 999 |
|
|
|c 45746
|d 45746
|